Statistiques concernant La mythologie grecque - Les noms en M

Cliquez ici pour prendre le quiz!

Statistiques générales

  • Ce quiz a été pris 270 fois
  • Le résultat moyen est 6 sur 20

Statistiques - réponses

IndicesRéponses% Correct
La plus célèbre GorgoneMéduse
91%
Dieu des rêvesMorphée
77%
Roi ayant le pouvoir de transformer tout ce qu'il touche en orMidas
75%
Frère d'Agamemnon, époux d'Hélène et roi de SparteMénélas
68%
Roi de Crète, et l'un des juges des EnfersMinos
67%
Magicienne amoureuse de JasonMédée
61%
Titanide de la mémoire, mère des musesMnémosyne
44%
Son véritable nom est AstérionMinotaure
36%
Femme d'Héraclès, tuée par ce dernier lors d'une colère provoquée par HéraMégare
33%
Titanide de la sagesse, de la ruse et du bon conseil, mère d'AthénaMétis
26%
Muse de la tragédieMelpomène
17%
Héros ayant tué le sanglier de CalydonMéléagre
8%
Pléiade et épouse de SisypheMérope
8%
Satyre joueur de flûte, lié à l'invention de la musique pour les phyrgiensMarsyas
5%
Mère d'AdonisMyrrha
4%
Fille d'Héraclès qui se sacrifie pour sauver les siensMacarie
3%
Roi et guerrier ayant combattu du côté des Troyens, tué par AchilleMemnon
3%
Fils de Créon s'étant sacrifié afin d'apaiser le courroux d'ArèsMénécée
2%
Devin réputé connaissant le langage des oiseauxMélampous
1%
Nymphe amante de PoséidonMélanippe
1%

Distribution des résultats

Percentile par nombre de réponses

% des personnes avec chaque résultat

Votre développement - résultats

Vous n’avez pas pris ce quiz